SNS o nevyhnutnosti existencie prvej Slovenskej republiky

Bibliographic Details
Format: Article
Language:Slovak
Subjects:

MARC

LEADER 00000nab a2200000 a 4500
001 vtls000578722
003 SK-MaSNL
005 20260303204721.0
008 160202c1996 xo 0 slo
015 |a SNBRB19rr/mm-uuuuu 
035 |a CL0578860 
040 |a SNKBUCL  |b slo  |c SNKBUCL  |e AACR2 
041 0 |a slo 
044 |a xo  |c SK 
080 |a 329.17(437.6)SNS:943.76"1939/1945"  |2 1981 
080 |a 943.76"1939/1945"  |2 1981 
245 0 0 |a SNS o nevyhnutnosti existencie prvej Slovenskej republiky 
610 2 7 |a Slovenská národná strana (1990-)  |2 snkbucl  |9 31006 
651 7 |a Slovensko (1939-1945)  |2 snkbucl  |9 172088 
655 7 |a články z novín a časopisov  |2 snkbucl  |9 267496 
773 0 |t Slovenská republika  |g Roč. 3, č. 64 (16. 3. 1996), s. 4 
850 |a Slovenská národná knižnica v Martine  |a MTA001 
852 |a SNK  |b KIS3GCP 
958 |a RK 
958 |a SK 
992 |a RBX 
999 |c 2191421  |d 2193351